[Event "XXV Miedzynarodowy Festiwal Szachowy im.Jozefa Dominika Dobczyce2017, Turniej A"]
[Site "Dobczyce"]
[Date "1899-12-30"]
[Round "1.1"]
[White "Golubka, Petro"]
[Black "Stanach, Fabian"]
[Result "1-0"]
[WhiteTitle "IM"]
[BlackTitle "I"]
[WhiteElo "2443"]
[BlackElo "2048"]

1. b3 d5 2. Bb2 Nf6 3. e3 Bg4 4. f3 Bf5 5. g4 Bg6 6. h4 h6 7. Nh3 e6 8. Nf4 Bd6
9. Bb5+ c6 10. Nxg6 Bg3+ 11. Kf1 fxg6 12. Bd3 O-O 13. Kg2 Bc7 14. Bxg6 Qd6 15.
f4 Nbd7 16. g5 e5 17. f5 e4 18. Rh3 Ne5 19. gxf6 Rxf6 20. Bxe5 Qxe5 21. Nc3 Raf8
22. Ne2 Rxg6+ 23. fxg6 Rf3 24. Nf4 Rxh3 25. Kxh3 1-0

[Event "XXV Miedzynarodowy Festiwal Szachowy im.Jozefa Dominika Dobczyce2017, Turniej A"]
[Site "Dobczyce"]
[Date "1899-12-30"]
[Round "1.2"]
[White "Golenia, Jan"]
[Black "Polok, Kacper"]
[Result "1/2-1/2"]
[WhiteTitle "I"]
[BlackTitle "FM"]
[WhiteElo "1968"]
[BlackElo "2299"]

1. Nf3 Nf6 2. c4 g6 3. d4 Bg7 4. Nc3 O-O 5. e4 d6 6. h3 e5 7. d5 Ne8 8. g4 f5 9.
gxf5 gxf5 10. Bg5 Bf6 11. Rg1 Kh8 12. Qd2 f4 13. O-O-O Bxg5 14. Nxg5 Ng7 15. Be2
h6 16. Nf3 Kh7 1/2-1/2

[Event "XXV Miedzynarodowy Festiwal Szachowy im.Jozefa Dominika Dobczyce2017, Turniej A"]
[Site "Dobczyce"]
[Date "1899-12-30"]
[Round "1.3"]
[White "Gbyl, Andrzej"]
[Black "Kuciel, Wladyslaw"]
[Result "1-0"]
[WhiteTitle "k+"]
[BlackTitle "I++"]
[WhiteElo "2238"]
[BlackElo "1961"]

1. d4 Nf6 2. Nf3 e6 3. Bg5 b6 4. e3 Bb7 5. Nbd2 Be7 6. c3 O-O 7. Bd3 d6 8. O-O
Nbd7 9. Qc2 h6 10. Bh4 c5 11. Rad1 Rc8 12. Qb1 Nd5 13. Bg3 f5 14. a3 f4 15. exf4
Nxf4 16. Bh7+ Kh8 17. Rfe1 Qe8 18. Be4 Ba6 19. Bxf4 Rxf4 20. Bd3 c4 21. Bg6 Qg8
22. Re3 Rcf8 23. Rde1 R4f6 24. h4 b5 25. h5 Nb6 26. Ne4 Rxf3 27. Rxf3 Rxf3 28.
gxf3 Bb7 29. Ng3 Bxf3 30. Be4 Bg4 31. Bg2 d5 32. Qg6 Bg5 33. f4 Qb8 34. fxg5 Qxg3
35. Qe8+ Kh7 1-0

[Event "XXV Miedzynarodowy Festiwal Szachowy im.Jozefa Dominika Dobczyce2017, Turniej A"]
[Site "Dobczyce"]
[Date "1899-12-30"]
[Round "1.4"]
[White "Slabek, Grzegorz"]
[Black "Kyc, Jerzy"]
[Result "1-0"]
[WhiteTitle "k"]
[BlackTitle "k"]
[WhiteElo "1948"]
[BlackElo "2210"]

1. b4 e5 2. Bb2 Bxb4 3. Bxe5 Nf6 4. e3 O-O 5. Nf3 Nc6 6. Bb2 Re8 7. Be2 d5 8. O-O
Bf5 9. a3 Bd6 10. d4 Ne4 11. Nbd2 Re6 12. c4 Rh6 13. g3 Bh3 14. Re1 Nxd2 15. Qxd2
dxc4 16. d5 Ne7 17. Qc3 f6 18. Qxc4 b5 19. Qd4 a6 20. e4 Ng6 21. Rac1 Qd7 22.
Rc6 Re8 23. Rxa6 Nf4 24. Bd1 Bg2 25. Rxd6 cxd6 26. Bc1 Bxf3 27. Bxf4 Bxd1 28.
Bxh6 Bf3 29. Qd3 Qg4 30. Bf4 g5 31. h3 Qxh3 32. Qxf3 gxf4 33. Qxf4 f5 34. Qg5+
Kf7 35. Rc1 Re7 36. exf5 Kf8 37. Qf6+ Ke8 38. Qh8+ Kf7 39. f6 Qh6 40. fxe7 Qxc1+
41. Kg2 Kxe7 42. Qxh7+ Kd8 43. Qd3 Qc5 44. g4 Qc8 45. Kg3 Qc1 46. Kg2 Qf4 47.
Qf3 Qc1 48. Qf8+ Kd7 49. Qf7+ Kd8 50. Qf6+ Kd7 51. Qe6+ Kc7 52. Qe7+ Kb6 53. Qxd6+
Ka5 54. Qb4+ Ka6 55. a4 Qd1 56. Qxb5+ Ka7 57. Qc4 Qd2 58. Qc5+ Ka8 59. Qe3 Qd1
60. Qf3 Qxa4 61. Kg3 Qa1 62. Kg2 Qe5 63. d6+ Ka7 64. Qe3+ 1-0

[Event "XXV Miedzynarodowy Festiwal Szachowy im.Jozefa Dominika Dobczyce2017, Turniej A"]
[Site "Dobczyce"]
[Date "1899-12-30"]
[Round "1.5"]
[White "Bednarczyk, Damian"]
[Black "Zarebski, Cezary"]
[Result "1-0"]
[WhiteTitle "k"]
[BlackTitle "I+"]
[WhiteElo "2201"]
[BlackElo "1920"]

1. d4 Nf6 2. c4 c5 3. d5 b5 4. cxb5 a6 5. b6 g6 6. Nc3 d6 7. e4 Bg7 8. Nf3 O-O
9. Be2 Nbd7 10. O-O Nxb6 11. Qc2 Bd7 12. a4 a5 13. Nd2 Ne8 14. Nc4 f5 15. exf5
Bxf5 16. Qb3 Nxc4 17. Qxc4 Nc7 18. Nb5 Na6 19. g4 Bd7 20. Qe4 Nb4 21. Ra3 Bxb5
22. axb5 Qc7 23. g5 Rf5 24. Qe6+ Kh8 25. Rh3 Bf6 26. Qf7 1-0

[Event "XXV Miedzynarodowy Festiwal Szachowy im.Jozefa Dominika Dobczyce2017, Turniej A"]
[Site "Dobczyce"]
[Date "1899-12-30"]
[Round "2.1"]
[White "Kudas, Damian"]
[Black "Golubka, Petro"]
[Result "0-1"]
[WhiteTitle "k"]
[BlackTitle "IM"]
[WhiteElo "2126"]
[BlackElo "2443"]

1. d4 b6 2. e4 Bb7 3. Nc3 e6 4. Bd3 g6 5. Be3 Bg7 6. Qd2 d6 7. O-O-O a6 8. h4 h5
9. f4 Nf6 10. Nf3 d5 11. Ng5 dxe4 12. Ncxe4 Nxe4 13. Bxe4 Bxe4 14. Nxe4 Qd5 15.
Nc3 Qc4 16. Qd3 Qxd3 17. Rxd3 Nc6 18. a3 O-O-O 19. Rhd1 Rhe8 20. Ne4 Rd7 21. c3
Ne7 22. Kc2 Nf5 23. Bf2 Red8 24. b4 Bh6 25. g3 Bf8 26. c4 Bg7 27. d5 exd5 28.
cxd5 Kb7 29. a4 Re8 30. Ng5 Bf6 31. Nf3 Re2+ 32. R1d2 Re4 33. Kb3 Rd8 34. Rc2
Be7 35. Be1 Re3 36. Rcc3 Re2 37. Rc2 Rxc2 38. Kxc2 Bf6 39. Ne5 Bxe5 40. fxe5 Rxd5
41. Rxd5 Ne3+ 42. Kd3 Nxd5 43. Ke4 Kc6 44. b5+ axb5 45. axb5+ Kc5 46. e6 fxe6
47. Ke5 Kxb5 48. Kxe6 Kc4 49. Kf7 Kd3 50. Kxg6 Ke2 51. Kxh5 Kxe1 52. Kg6 b5 53.
h5 b4 54. h6 b3 55. h7 b2 56. h8=Q b1=Q+ 57. Kg5 Qe4 58. Qa1+ Kf2 0-1

[Event "XXV Miedzynarodowy Festiwal Szachowy im.Jozefa Dominika Dobczyce2017, Turniej A"]
[Site "Dobczyce"]
[Date "1899-12-30"]
[Round "2.2"]
[White "Watorek, Marcin"]
[Black "Gbyl, Andrzej"]
[Result "1/2-1/2"]
[WhiteTitle "k"]
[BlackTitle "k+"]
[WhiteElo "2103"]
[BlackElo "2238"]

1. d4 d5 2. c4 c6 3. Nf3 Nf6 4. Nc3 a6 5. a4 g6 6. Bf4 Bg7 7. e3 O-O 8. Qb3 Qa5
9. cxd5 cxd5 10. Be2 Nc6 11. O-O Rd8 12. Ne5 Qb4 13. Qa2 Bf5 14. a5 Rac8 15. Rfc1
h6 16. h3 g5 17. Bh2 e6 18. Nd3 Bxd3 19. Bxd3 Ne8 20. Ne2 Qd2 21. Rd1 Qb4 22.
Rdc1 Qd2 23. Rd1 Qb4 24. Rdc1 Qd2 1/2-1/2

[Event "XXV Miedzynarodowy Festiwal Szachowy im.Jozefa Dominika Dobczyce2017, Turniej A"]
[Site "Dobczyce"]
[Date "1899-12-30"]
[Round "2.3"]
[White "Klementys, Jerzy"]
[Black "Bednarczyk, Damian"]
[Result "0-1"]
[WhiteTitle "I+"]
[BlackTitle "k"]
[WhiteElo "1754"]
[BlackElo "2201"]

1. d4 Nf6 2. Nf3 e6 3. c4 b6 4. Nc3 Bb7 5. e3 Bb4 6. Bd2 O-O 7. Be2 d6 8. O-O Nbd7
9. a3 Bxc3 10. Bxc3 Ne4 11. Qc2 f5 12. b4 Qe7 13. Bb2 a5 14. b5 Rae8 15. a4 Ndf6
16. Ba3 Nd7 17. Rac1 Rf6 18. Nd2 Rg6 19. Nxe4 Bxe4 0-1

[Event "XXV Miedzynarodowy Festiwal Szachowy im.Jozefa Dominika Dobczyce2017, Turniej A"]
[Site "Dobczyce"]
[Date "1899-12-30"]
[Round "2.4"]
[White "Swiech, Przemyslaw"]
[Black "Slabek, Grzegorz"]
[Result "1/2-1/2"]
[WhiteTitle "I++"]
[BlackTitle "k"]
[WhiteElo "2176"]
[BlackElo "1948"]

1. e4 d5 2. exd5 Nf6 3. Nf3 Nxd5 4. d4 Bf5 5. Bd3 Bg6 6. O-O e6 7. h3 Bh5 8. c4
Nf6 9. Re1 Be7 10. Nbd2 O-O 11. b3 c5 12. g4 Bg6 13. Bxg6 hxg6 14. Bb2 Nc6 15.
dxc5 Bxc5 16. Ne4 Nxe4 17. Rxe4 Qb6 18. Qe2 Rad8 19. Rf1 Rfe8 20. h4 Rd7 21. h5
gxh5 22. gxh5 Nd4 23. Nxd4 Bxd4 24. Rg4 f5 25. Rxd4 Rxd4 26. Bxd4 Qxd4 27. Rd1
Qf6 28. Rd7 Re7 1/2-1/2

[Event "XXV Miedzynarodowy Festiwal Szachowy im.Jozefa Dominika Dobczyce2017, Turniej A"]
[Site "Dobczyce"]
[Date "1899-12-30"]
[Round "2.5"]
[White "Polok, Kacper"]
[Black "Betlej, Jan"]
[Result "1/2-1/2"]
[WhiteTitle "FM"]
[BlackTitle "II+"]
[WhiteElo "2299"]
[BlackElo "1860"]

1. e4 e5 2. Nf3 Nf6 3. d4 Nxe4 4. Bd3 d5 5. Nxe5 Nd7 6. Nxd7 Bxd7 7. O-O Bd6 8.
c4 O-O 9. c5 Be7 10. Nd2 Bf5 11. Nxe4 Bxe4 12. Bf4 b6 13. Rc1 Bg5 14. Bxg5 Qxg5
15. Bxe4 dxe4 16. cxb6 cxb6 17. Qb3 Rac8 18. Rxc8 Rxc8 19. d5 Rd8 20. Rd1 Qe5
21. g3 h5 22. h4 Rd6 23. Kg2 g5 24. hxg5 Qxg5 25. Qc4 Qf5 26. Qb3 h4 27. Qe3 hxg3
28. fxg3 Rxd5 29. Re1 Rd3 30. Qe2 e3 31. Qf3 Rd2+ 32. Re2 Qc2 33. Qg4+ Kf8 34.
Qb4+ Kg7 35. Qg4+ Kf8 36. Qb4+ Ke8 37. Qb5+ Kd8 38. Kf3 Rxe2 39. Qxe2 Qxe2+ 40.
Kxe2 1/2-1/2

[Event "XXV Miedzynarodowy Festiwal Szachowy im.Jozefa Dominika Dobczyce2017, Turniej A"]
[Site "Dobczyce"]
[Date "1899-12-30"]
[Round "2.7"]
[White "Kyc, Jerzy"]
[Black "Zarebski, Cezary"]
[Result "1-0"]
[WhiteTitle "k"]
[BlackTitle "I+"]
[WhiteElo "2210"]
[BlackElo "1920"]

1. e4 c5 2. Nf3 Nc6 3. d4 cxd4 4. Nxd4 g6 5. Nc3 Nf6 6. Nxc6 bxc6 7. e5 Nd5 8.
Nxd5 cxd5 9. Qxd5 Rb8 10. Bc4 e6 11. Qd4 Qc7 12. Be3 Bg7 13. f4 O-O 14. Bb3 a5
15. Qc5 Qb7 16. O-O Qe4 17. a4 Bb7 18. Rf2 d6 19. Qd4 dxe5 20. Qxe4 Bxe4 21. Bc5
Rfd8 22. fxe5 Bxe5 23. Re1 Bd4 24. Bxd4 Rxd4 25. Rf4 f5 26. Bxe6+ Kg7 27. Bb3
Rd2 28. Rf2 Rbd8 29. Rfe2 h5 30. Kf2 Kf6 31. g3 R2d6 32. Bc4 Rc8 33. b3 Rcd8 34.
Ke3 R8d7 35. h4 Ke5 36. Kf2 Kf6 37. Bb5 Rd8 38. c3 Rc8 39. Rc1 Rc5 40. Ke3 Rcd5
41. Bc4 Rc5 42. Rd2 Rb6 43. Kf4 Rbc6 44. Rcd1 Rxc4 45. bxc4 Rxc4 46. Rd6+ Kf7
47. Rd7+ Ke8 48. Kg5 f4 49. R1d4 Rc5+ 50. Kxf4 1-0

[Event "XXV Miedzynarodowy Festiwal Szachowy im.Jozefa Dominika Dobczyce2017, Turniej A"]
[Site "Dobczyce"]
[Date "1899-12-30"]
[Round "3.1"]
[White "Golubka, Petro"]
[Black "Bednarczyk, Damian"]
[Result "1-0"]
[WhiteTitle "IM"]
[BlackTitle "k"]
[WhiteElo "2443"]
[BlackElo "2201"]

1. c4 c5 2. Nf3 Nc6 3. Nc3 Nf6 4. g3 g6 5. Bg2 Bg7 6. O-O O-O 7. a3 d6 8. Rb1 Bf5
9. d3 Qd7 10. b4 cxb4 11. axb4 Bh3 12. b5 Nd8 13. e4 Bxg2 14. Kxg2 Ne6 15. Re1
Ng4 16. d4 f5 17. h3 h6 18. e5 dxe5 19. hxg4 exd4 20. Nd5 fxg4 21. Nh4 Nc5 22.
Ba3 b6 23. Bxc5 bxc5 24. Nxe7+ 1-0

[Event "XXV Miedzynarodowy Festiwal Szachowy im.Jozefa Dominika Dobczyce2017, Turniej A"]
[Site "Dobczyce"]
[Date "1899-12-30"]
[Round "3.2"]
[White "Gbyl, Andrzej"]
[Black "Swiech, Przemyslaw"]
[Result "1-0"]
[WhiteTitle "k+"]
[BlackTitle "I++"]
[WhiteElo "2238"]
[BlackElo "2176"]

1. d4 c5 2. d5 e5 3. e4 d6 4. Bb5+ Nd7 5. a4 g6 6. Nf3 Bg7 7. Nc3 Ne7 8. Be3 O-O
9. h4 Nf6 10. Be2 Bg4 11. Nd2 Bxe2 12. Qxe2 Qd7 13. Nc4 Rac8 14. Bg5 h6 15. Bxf6
Bxf6 16. g4 Bg7 17. h5 f5 18. gxf5 gxf5 19. f3 fxe4 20. fxe4 Bf6 21. O-O-O Bg5+
22. Kb1 a6 23. a5 Rb8 24. Rdf1 Bf4 25. Na4 Qc7 26. Qg4+ Kh8 27. Qe6 Ng8 28. Rhg1
Rbe8 29. Qh3 Nf6 30. Rg6 Bg5 31. Nc3 Qe7 32. Rf5 Rg8 1-0

[Event "XXV Miedzynarodowy Festiwal Szachowy im.Jozefa Dominika Dobczyce2017, Turniej A"]
[Site "Dobczyce"]
[Date "1899-12-30"]
[Round "3.3"]
[White "Slabek, Grzegorz"]
[Black "Watorek, Marcin"]
[Result "1-0"]
[WhiteTitle "k"]
[BlackTitle "k"]
[WhiteElo "1948"]
[BlackElo "2103"]

1. Nf3 d5 2. e3 c5 3. d4 Nc6 4. Be2 Bg4 5. O-O e6 6. a3 cxd4 7. exd4 Bd6 8. h3
Bh5 9. b4 Nf6 10. Bb2 O-O 11. Ne5 Bxe2 12. Qxe2 Ne4 13. c4 Re8 14. c5 Bb8 15.
Nd2 Nxd2 16. Qxd2 f6 17. Nf3 Bc7 18. Rfe1 Qd7 19. Bc3 Nd8 20. a4 Nf7 21. b5 e5
22. dxe5 fxe5 23. Rad1 Rad8 24. Ba5 b6 25. c6 Qf5 26. Bb4 d4 27. Qe2 e4 28. Nh2
h5 29. Nf1 1-0

[Event "XXV Miedzynarodowy Festiwal Szachowy im.Jozefa Dominika Dobczyce2017, Turniej A"]
[Site "Dobczyce"]
[Date "1899-12-30"]
[Round "3.4"]
[White "Polok, Kacper"]
[Black "Golenia, Wojciech"]
[Result "1-0"]
[WhiteTitle "FM"]
[BlackTitle "I+"]
[WhiteElo "2299"]
[BlackElo "1914"]

1. e4 d5 2. exd5 Qxd5 3. Nf3 Bg4 4. Be2 Nc6 5. d4 e6 6. c4 Bb4+ 7. Nc3 Qa5 8. O-O
O-O-O 9. Be3 Bxc3 10. bxc3 Nf6 11. Qb3 Ne4 12. Rac1 f5 13. c5 Rhe8 14. Bb5 Bxf3
15. gxf3 Nf6 16. Bg5 a6 17. Bc4 h6 18. Bxf6 gxf6 19. Bxe6+ Kb8 20. Rb1 Qb5 21.
Qxb5 axb5 22. Bxf5 Ne7 23. Be6 c6 24. Rfe1 Nd5 25. Bxd5 Rxe1+ 26. Rxe1 Rxd5 27.
Re6 Rf5 28. Kg2 Kc7 29. Re7+ Kb8 30. f4 h5 31. Kf3 Rd5 32. Ke4 Ka7 33. f5 Rd8
34. Rf7 Re8+ 35. Kf3 Re1 36. Rxf6 Rc1 37. Re6 Rxc3+ 38. Re3 b4 39. f6 1-0

[Event "XXV Miedzynarodowy Festiwal Szachowy im.Jozefa Dominika Dobczyce2017, Turniej A"]
[Site "Dobczyce"]
[Date "1899-12-30"]
[Round "3.5"]
[White "Kawula, Andrzej"]
[Black "Kyc, Jerzy"]
[Result "0-1"]
[WhiteTitle "k"]
[BlackTitle "k"]
[WhiteElo "1881"]
[BlackElo "2210"]

1. d4 Nf6 2. c4 g6 3. Nc3 d5 4. cxd5 Nxd5 5. e4 Nxc3 6. bxc3 Bg7 7. Bc4 c5 8. Ne2
O-O 9. O-O cxd4 10. cxd4 Nc6 11. Be3 Bg4 12. f3 Na5 13. Bd3 Be6 14. d5 Bxa1 15.
Qxa1 f6 16. Rd1 Bd7 17. Nd4 Rc8 18. h4 Nc4 19. Bh6 Re8 20. h5 Ne5 21. hxg6 hxg6
22. Be3 Kg7 23. Qb2 Nxd3 24. Rxd3 Qa5 25. Kf2 Qc7 26. Qd2 Rh8 27. Bf4 Qb6 28.
Be3 Qa6 29. Rb3 Rh1 30. Qe2 Qxe2+ 31. Kxe2 b6 32. Rb2 Kf7 33. Bd2 Rc4 34. Be3
Ra4 35. Nc2 e6 36. dxe6+ Bxe6 37. a3 Rh2 0-1

[Event "XXV Miedzynarodowy Festiwal Szachowy im.Jozefa Dominika Dobczyce2017, Turniej A"]
[Site "Dobczyce"]
[Date "1899-12-30"]
[Round "4.1"]
[White "Gbyl, Andrzej"]
[Black "Golubka, Petro"]
[Result "0-1"]
[WhiteTitle "k+"]
[BlackTitle "IM"]
[WhiteElo "2238"]
[BlackElo "2443"]

1. d4 b6 2. c4 Bb7 3. Nc3 e6 4. a3 f5 5. d5 Nf6 6. Nf3 g6 7. g3 Bg7 8. Bg2 O-O
9. O-O Na6 10. Be3 Re8 11. Bd4 Nc5 12. b4 Nce4 13. Nxe4 fxe4 14. Ng5 exd5 15.
cxd5 h6 16. Nh3 Nxd5 17. Bxg7 Kxg7 18. Qc2 Qe7 19. Rad1 Rac8 20. f4 Nf6 21. Qb2
Kh7 22. e3 c5 23. bxc5 Ba6 24. Rfe1 Rxc5 25. Nf2 d5 26. g4 Rd8 27. h4 Bc8 28.
Bh3 Be6 29. Qe2 Bf7 30. g5 Nh5 31. Qg4 0-1

[Event "XXV Miedzynarodowy Festiwal Szachowy im.Jozefa Dominika Dobczyce2017, Turniej A"]
[Site "Dobczyce"]
[Date "1899-12-30"]
[Round "4.2"]
[White "Bednarczyk, Damian"]
[Black "Slabek, Grzegorz"]
[Result "1-0"]
[WhiteTitle "k"]
[BlackTitle "k"]
[WhiteElo "2201"]
[BlackElo "1948"]

1. d4 d5 2. Nf3 Nf6 3. g3 c6 4. Bg2 Bf5 5. O-O e6 6. c4 Be7 7. Nc3 Ne4 8. Nd2 Nxd2
9. Bxd2 dxc4 10. e4 Bg6 11. Be3 O-O 12. a4 Na6 13. Qe2 Nb4 14. a5 b5 15. axb6
axb6 16. Rxa8 Qxa8 17. Qxc4 Rd8 18. Ne2 Qa4 19. b3 Qa2 20. Nf4 b5 21. Qc3 Qc2
22. Rc1 Qxc3 23. Rxc3 Ra8 24. h4 h6 25. Nxg6 fxg6 26. Bh3 Kf7 27. Bd2 Ra1+ 28.
Kh2 Rd1 29. Rf3+ Ke8 30. Bc3 Rd3 31. Rxd3 Nxd3 32. Bxe6 Nxf2 33. e5 b4 34. Be1
Nd3 35. Bd2 c5 36. Bc4 Nf2 37. Kg2 Ne4 38. Be3 cxd4 39. Bxd4 Bc5 40. Bb2 Ke7 41.
g4 Nc3 42. Bc1 Bd4 43. Bf4 Ne4 44. Kf3 Nc5 45. Be3 Bxe3 46. Kxe3 g5 47. hxg5 hxg5
48. Kd4 Nd7 49. Bd3 Nf8 50. Bf5 g6 51. Bc8 Kd8 52. Ba6 Ke7 53. Bc4 Nd7 54. Kd5
Nb6+ 55. Kc5 Nd7+ 56. Kd4 Nb6 57. Bd3 Kf7 58. Kc5 Nc8 59. Bc4+ Ke7 60. Ba6 1-0

[Event "XXV Miedzynarodowy Festiwal Szachowy im.Jozefa Dominika Dobczyce2017, Turniej A"]
[Site "Dobczyce"]
[Date "1899-12-30"]
[Round "4.3"]
[White "Brozyna, Mateusz"]
[Black "Polok, Kacper"]
[Result "0-1"]
[WhiteTitle "I"]
[BlackTitle "FM"]
[WhiteElo "2110"]
[BlackElo "2299"]

1. d4 Nf6 2. Nf3 g6 3. c4 Bg7 4. Nc3 d6 5. e4 O-O 6. Be2 e5 7. dxe5 dxe5 8. Qxd8
Rxd8 9. Bg5 Re8 10. O-O-O Na6 11. Nd2 Be6 12. Nb3 Nd7 13. Be3 Bf8 14. Rd2 Bb4
15. a3 Bxc3 16. bxc3 b6 17. Kc2 Ndc5 18. Nxc5 Nxc5 19. Bxc5 bxc5 20. Rb1 Rab8
21. Rdd1 Kf8 22. Rb5 Rxb5 23. cxb5 Ke7 24. c4 Rd8 25. Rxd8 Kxd8 26. g3 Ke7 27.
Kd3 Bc8 28. Ke3 Kd6 29. h4 Be6 30. Kd3 h6 31. Ke3 Ke7 32. Bd3 Kf6 33. Be2 Bd7
34. h5 Kg5 35. hxg6 fxg6 36. a4 Be6 37. a5 h5 38. f3 h4 39. gxh4+ Kxh4 40. Kf2
g5 41. Bd3 g4 42. fxg4 Kxg4 43. Ke3 Kg3 44. Be2 Bg4 45. Bf1 Bd1 46. Bd3 Kg2 47.
Kd2 Bf3 48. Ke3 Bg4 49. Bc2 Kf1 50. Bd3+ Ke1 51. Bc2 Bh5 52. Ba4 Be2 53. Bb3 Kf1
54. Ba2 Bd1 55. Bb1 Be2 56. Ba2 Ke1 57. Bb3 Bf1 58. Ba2 Kd1 59. Bb3+ Kc1 0-1

[Event "XXV Miedzynarodowy Festiwal Szachowy im.Jozefa Dominika Dobczyce2017, Turniej A"]
[Site "Dobczyce"]
[Date "1899-12-30"]
[Round "4.4"]
[White "Kyc, Jerzy"]
[Black "Kudas, Damian"]
[Result "1-0"]
[WhiteTitle "k"]
[BlackTitle "k"]
[WhiteElo "2210"]
[BlackElo "2126"]

1. e4 c5 2. Nf3 d6 3. d4 cxd4 4. Nxd4 Nf6 5. Nc3 Nc6 6. Bg5 e6 7. Qd2 a6 8. O-O-O
Bd7 9. f3 Be7 10. h4 O-O 11. g4 b5 12. Nxc6 Bxc6 13. Ne2 Qc7 14. Nd4 Rfd8 15.
Kb1 Qb7 16. Bd3 a5 17. h5 b4 18. Be3 Nd7 19. g5 Ne5 20. g6 Bf6 21. h6 fxg6 22.
hxg7 Nxd3 23. Qh2 h5 24. Rxd3 Bxd4 25. Rxd4 e5 26. Rd2 Qxg7 27. Rg1 Kh7 28. Rdg2
Rg8 29. Rg5 Qf7 30. R1g3 a4 31. Bc1 b3 32. cxb3 axb3 33. a3 Be8 34. Qd2 Rg7 35.
Qxd6 Qc4 36. Rxh5+ Kg8 37. Rh8+ 1-0

[Event "XXV Miedzynarodowy Festiwal Szachowy im.Jozefa Dominika Dobczyce2017, Turniej A"]
[Site "Dobczyce"]
[Date "1899-12-30"]
[Round "4.5"]
[White "Swiech, Przemyslaw"]
[Black "Golenia, Jan"]
[Result "1-0"]
[WhiteTitle "I++"]
[BlackTitle "I"]
[WhiteElo "2176"]
[BlackElo "1968"]

1. e4 e5 2. Nf3 Nc6 3. d4 exd4 4. Nxd4 Nf6 5. Nc3 d6 6. Be2 Be7 7. O-O O-O 8. Be3
Nxd4 9. Bxd4 b6 10. e5 Nd7 11. exd6 Bxd6 12. Nb5 Ne5 13. Re1 Bb7 14. Nxd6 Qxd6
15. Bxe5 Qxe5 16. Ba6 Qd5 17. Qxd5 Bxd5 18. Re7 c6 19. Rae1 b5 20. b3 Rfd8 21.
f3 Kf8 22. Rc7 Re8 23. Rxe8+ Rxe8 24. c4 Re1+ 25. Kf2 Ra1 26. cxd5 Rxa2+ 27. Ke3
Rxa6 28. dxc6 Ra2 29. Kd4 Rxg2 30. Rxa7 Ke8 31. Kc5 Rxh2 32. Ra8+ Ke7 33. c7 Rc2+
34. Kb6 Kd7 35. Rd8+ 1-0